| 000 | 00736nam a2200181Ia 4500 | ||
|---|---|---|---|
| 008 | 090122s9999 xx 000 0 und d | ||
| 082 | _b11694 | ||
| 100 |
_aशर्मा _bरॉबिन |
||
| 245 | _aतुमच्या मृत्युनंतर कोण रडणार आहे? | ||
| 260 |
_bजयको _c2007 |
||
| 300 | _a241 | ||
| 501 | _aज्ञानदा ग्रंथ वितरण / बि. नं. 806-2.6.07 | ||
| 600 | _aशर्मा | ||
| 630 | _aतुमच्या मृत्युनंतर कोण रडणार आहे? | ||
| 700 | _aशर्मा | ||
| 730 | _aतुमच्या मृत्युनंतर कोण रडणार आहे? | ||
| 942 | _cBOOK | ||
| 999 |
_c35771 _d35771 |
||